000 01249cam a22003375a 4500
001 13781819
003 CEME
005 20210628201546.0
008 041115s2004 nyua bf 001 0 eng c
010 _a 2004275319
015 _aGBA3-U6684
016 7 _a012925929
_2Uk
020 _a0824741056 (acidfree paper)
035 _a(OCoLC)ocm53030053
040 _aUKM
_cUKM
_dOCLCQ
_dIXA
_dUMC
_dDLC
042 _apcc
050 0 0 _aTK2514
_b.H26 2004
100 _aToliyat, Hamid A.
_955836
245 0 0 _aHandbook of electric motors /
_cedited by Hamid A. Toliyat, Gerald B. Kliman.
250 _a2nd ed., rev. and exp.
260 _aNew York :
_bMarcel Dekker,
_cc2004.
300 _axxi, 805 p. :
_bill. ;
_c29 cm.
500 _aPrevious ed. edited by Richard H. Engelmann and William H. Middendorf.
500 _aIncludes bibliographical references and index.
650 0 _aElectric motors
_vHandbooks, manuals, etc.
_955837
650 0 _aElectric driving
_vHandbooks, manuals, etc.
_955838
700 1 _aKliman, G. B.
_955839
856 4 2 _3Book review (E-STREAMS)
_uhttp://www.e-streams.com/es0712/es0712_3785.html
856 4 2 _3Publisher description
_uhttp://www.loc.gov/catdir/enhancements/fy0647/2004275319-d.html
942 _2ddc
_cREF
999 _c566493
_d566493